Figli diversi /

Guardat en:
Dades bibliogràfiques
Autor principal: Dall'Orto, Giovanni
Altres autors: Dall'Orto, Paola
Format: Llibre
Idioma:anglès
Publicat: Torino : Sonda, 1994
Edició:3. ed
Etiquetes: Afegir etiqueta
Sense etiquetes, Sigues el primer a etiquetar aquest registre!

MARC

LEADER 00000nam0a22000003i 4500
001 169575
003 CLAVIS
005 20260219144149.0
008 260219b |||||||| |||| 00| 0 eng d
020 |a 8871060644 
040 |c arcigay verona 
082 |a 306.76 
100 |a Dall'Orto, Giovanni 
245 |a Figli diversi /  |c Giovanni e Paola Dall'Orto 
250 |a 3. ed 
260 |a Torino :  |b Sonda,  |c 1994 
300 |a 87, 113 p. ;  |c 20 cm 
700 |a Dall'Orto, Paola 
942 |2 ddc  |c BK  |n 0 
952 |0 0  |1 0  |2 ddc  |4 0  |6 306_760000000000000_DAL_FIG  |7 0  |9 33087  |a VR  |b VR  |d 2026-02-19  |i 66  |l 0  |o 306.76 DAL FIG  |p OBE-66  |r 2026-02-19 14:42:06  |w 2026-02-19  |y BK 
999 |c 28746  |d 28746